<?xml version="1.0" encoding="UTF-8"?>
<record
    xmlns:xsi="http://www.w3.org/2001/XMLSchema-instance"
    xsi:schemaLocation="http://www.loc.gov/MARC21/slim http://www.loc.gov/standards/marcxml/schema/MARC21slim.xsd"
    xmlns="http://www.loc.gov/MARC21/slim">

  <leader>01174cam a2200325 i 4500</leader>
  <controlfield tag="001">xx001126781</controlfield>
  <controlfield tag="003">NUKAT</controlfield>
  <controlfield tag="005">20260427213558.0</controlfield>
  <controlfield tag="008">080526s1939    pl           |000 0 pol c</controlfield>
  <datafield tag="035" ind1=" " ind2=" ">
    <subfield code="a">(OCoLC)749909572</subfield>
  </datafield>
  <datafield tag="035" ind1=" " ind2=" ">
    <subfield code="a">(NUKAT)xx001126781</subfield>
  </datafield>
  <datafield tag="040" ind1=" " ind2=" ">
    <subfield code="a">WA U/76BM</subfield>
    <subfield code="c">WA U/BM</subfield>
    <subfield code="d">WA U/76DP</subfield>
    <subfield code="d">POZN U/GZs</subfield>
  </datafield>
  <datafield tag="100" ind1="1" ind2=" ">
    <subfield code="a">G&#xF3;rzy&#x144;ski, Stefan</subfield>
    <subfield code="d">(1898-1961).</subfield>
    <subfield code="9">40703</subfield>
  </datafield>
  <datafield tag="245" ind1="1" ind2="0">
    <subfield code="a">Obowi&#x105;zki kupc&#xF3;w w &#x15B;wietle "Opisania o sk&#x142;adziech i starych drogach Kr&#xF3;la Zygmunta Augusta z 1565 r." /</subfield>
    <subfield code="c">Stefan G&#xF3;rzy&#x144;ski.</subfield>
  </datafield>
  <datafield tag="260" ind1=" " ind2=" ">
    <subfield code="a">Warszawa :</subfield>
    <subfield code="b">nak&#x142;. Wydawnictwa "&#x15A;wiat Wsp&#xF3;&#x142;czesny",</subfield>
    <subfield code="c">1939.</subfield>
  </datafield>
  <datafield tag="300" ind1=" " ind2=" ">
    <subfield code="a">58, [1] s. ;</subfield>
    <subfield code="c">22 cm.</subfield>
  </datafield>
  <datafield tag="336" ind1=" " ind2=" ">
    <subfield code="a">Tekst</subfield>
    <subfield code="b">txt</subfield>
    <subfield code="2">rdacontent</subfield>
  </datafield>
  <datafield tag="337" ind1=" " ind2=" ">
    <subfield code="a">Bez urz&#x105;dzenia po&#x15B;rednicz&#x105;cego</subfield>
    <subfield code="b">n</subfield>
    <subfield code="2">rdamedia</subfield>
  </datafield>
  <datafield tag="338" ind1=" " ind2=" ">
    <subfield code="a">Wolumin</subfield>
    <subfield code="b">nc</subfield>
    <subfield code="2">rdacarrier</subfield>
  </datafield>
  <datafield tag="380" ind1=" " ind2=" ">
    <subfield code="a">Ksi&#x105;&#x17C;ki</subfield>
  </datafield>
  <datafield tag="510" ind1="3" ind2=" ">
    <subfield code="a">BP 1901-1939 online</subfield>
  </datafield>
  <datafield tag="610" ind1="1" ind2="7">
    <subfield code="a">Polska.</subfield>
    <subfield code="b">Sejm (1562-1567).</subfield>
    <subfield code="2">kaba</subfield>
    <subfield code="9">40704</subfield>
  </datafield>
  <datafield tag="648" ind1=" " ind2="7">
    <subfield code="a">1501-1600</subfield>
    <subfield code="2">DBN</subfield>
    <subfield code="9">36032</subfield>
  </datafield>
  <datafield tag="650" ind1=" " ind2="7">
    <subfield code="a">Handel</subfield>
    <subfield code="2">DBN</subfield>
    <subfield code="9">40498</subfield>
  </datafield>
  <datafield tag="650" ind1=" " ind2="7">
    <subfield code="a">Handel</subfield>
    <subfield code="z">Polska</subfield>
    <subfield code="y">16 w.</subfield>
    <subfield code="2">kaba</subfield>
    <subfield code="9">40705</subfield>
  </datafield>
  <datafield tag="650" ind1=" " ind2="7">
    <subfield code="a">Prawo handlowe</subfield>
    <subfield code="z">Polska</subfield>
    <subfield code="y">16 w.</subfield>
    <subfield code="2">kaba</subfield>
    <subfield code="9">40707</subfield>
  </datafield>
  <datafield tag="651" ind1=" " ind2="7">
    <subfield code="a">Polska</subfield>
    <subfield code="2">DBN</subfield>
    <subfield code="9">35076</subfield>
  </datafield>
  <datafield tag="658" ind1=" " ind2=" ">
    <subfield code="a">Gospodarka, ekonomia, finanse</subfield>
  </datafield>
  <datafield tag="942" ind1=" " ind2=" ">
    <subfield code="2">ddc</subfield>
    <subfield code="c">BK_NM</subfield>
  </datafield>
  <datafield tag="999" ind1=" " ind2=" ">
    <subfield code="c">27809</subfield>
    <subfield code="d">27809</subfield>
  </datafield>
  <datafield tag="952" ind1=" " ind2=" ">
    <subfield code="0">0</subfield>
    <subfield code="1">0</subfield>
    <subfield code="2">ddc</subfield>
    <subfield code="4">0</subfield>
    <subfield code="7">0</subfield>
    <subfield code="8">PBKH</subfield>
    <subfield code="a">BIP</subfield>
    <subfield code="b">PBKH</subfield>
    <subfield code="d">2026-04-27</subfield>
    <subfield code="e">K-25/1966</subfield>
    <subfield code="f">K</subfield>
    <subfield code="i">16656</subfield>
    <subfield code="l">0</subfield>
    <subfield code="o">16656</subfield>
    <subfield code="p">IPWK22197</subfield>
    <subfield code="r">2026-04-27 21:36:42</subfield>
    <subfield code="w">2026-04-27</subfield>
    <subfield code="y">BK_NM</subfield>
  </datafield>
</record>
